000
00295nam a2200121Ia 4500
008
190216s9999||||xx |||||||||||||| ||und||
100
_a
Rajan J B
245
2
_a
A Text Book Of Heat And Thermodynamics
260
_b
S Chand & Co
_c
1978
300
_a
578p
650
_a
Thermodynamics
942
_c
BK
999
_c
32864
_d
32864